Cyber Security and Cyber Laws (Record no. 12303)

MARC details
000 -LEADER
fixed length control field 00428nam a22001817a 4500
003 - CONTROL NUMBER IDENTIFIER
control field OSt
008 - FIXED-LENGTH DATA ELEMENTS--GENERAL INFORMATION
fixed length control field 240326b |||||||| |||| 00| 0 eng d
020 ## - INTERNATIONAL STANDARD BOOK NUMBER
International Standard Book Number 9789387511675
082 ## - DEWEY DECIMAL CLASSIFICATION NUMBER
Classification number 005.8 BAC
100 ## - MAIN ENTRY--PERSONAL NAME
Personal name BASTA,Alfred
245 ## - TITLE STATEMENT
Title Cyber Security and Cyber Laws
260 ## - PUBLICATION, DISTRIBUTION, ETC. (IMPRINT)
Place of publication, distribution, etc New Delhi
Name of publisher, distributor, etc Cangage
Date of publication, distribution, etc 2018
300 ## - PHYSICAL DESCRIPTION
Extent 442
700 ## - ADDED ENTRY--PERSONAL NAME
Personal name BASTA,Nadine
700 ## - ADDED ENTRY--PERSONAL NAME
Personal name BROWN,Mary
700 ## - ADDED ENTRY--PERSONAL NAME
Personal name KUMAR,Ravinder
942 ## - ADDED ENTRY ELEMENTS (KOHA)
Source of classification or shelving scheme Dewey Decimal Classification
Koha item type Reference Books
Holdings
Withdrawn status Lost status Source of classification or shelving scheme Damaged status Not for loan Collection code Home library Current library Date acquired Source of acquisition Currency Cost, normal purchase price Bill Number Total Checkouts Full call number Acc. no. / Barcode Date last seen Actual Cost, discounted price Bill Date Koha item type Public note Date last borrowed Checked out
    Dewey Decimal Classification     Computer Science & Engineering in Cyber Security PIET C-LIBRARY PIET C-LIBRARY 06/03/2024 Raghav Books Private Limited In rupees 525.00 1571   005.8 BAC 35627 26/03/2024 367.50 06/03/2024 Reference Books Decentralisation    
    Dewey Decimal Classification     Computer Science & Engineering in Cyber Security PIET C-LIBRARY PIET C-LIBRARY 27/03/2024 Zaffa Books and Distributors In Rupees 525.00 ZBD0465 1 005.8 BAC 35934 30/12/2025 378.00 27/03/2024 Text Books   22/12/2025  
    Dewey Decimal Classification     Computer Science & Engineering in Cyber Security PIET C-LIBRARY PIET C-LIBRARY 27/03/2024 Zaffa Books and Distributors In Rupees 525.00 ZBD0465 1 005.8 BAC 35935 14/08/2024 378.00 27/03/2024 Text Books   08/08/2024  
    Dewey Decimal Classification     Computer Science & Engineering in Cyber Security PIET C-LIBRARY PIET C-LIBRARY 27/03/2024 Zaffa Books and Distributors In Rupees 525.00 ZBD0465   005.8 BAC 35936 03/05/2024 378.00 27/03/2024 Text Books      
    Dewey Decimal Classification     Computer Science & Engineering in Cyber Security PIET C-LIBRARY PIET C-LIBRARY 27/03/2024 Zaffa Books and Distributors In Rupees 525.00 ZBD0465 1 005.8 BAC 35937 15/05/2025 378.00 27/03/2024 Text Books   15/05/2025 01/12/2025
    Dewey Decimal Classification     Computer Science & Engineering in Cyber Security PIET C-LIBRARY PIET C-LIBRARY 27/03/2024 Zaffa Books and Distributors In Rupees 525.00 ZBD0465 1 005.8 BAC 35938 18/04/2025 378.00 27/03/2024 Text Books   04/04/2025  
    Dewey Decimal Classification     B.Tech(CSE) PIET C-LIBRARY PIET C-LIBRARY 28/03/2025 Zaffa Books INR 550.00 ZBD0587 2 005.8 BAC 38887 16/04/2026 396.00 28/03/2025 Text Books   09/02/2026  
    Dewey Decimal Classification     B.Tech(CSE) PIET C-LIBRARY PIET C-LIBRARY 28/03/2025 Zaffa Books INR 550.00 ZBD0587   005.8 BAC 38888 02/04/2025 396.00 28/03/2025 Text Books      

Design & Developed by: PIET Central Library
R70 Miles Stone Pattikalyana Samalkha Panipat 132102
mail ID :- [email protected], Phone No:- 0180-2569700 Ex.216